Bosnia Squad WC2026 - Statistics

General Stats
  • This quiz has been taken 8 times
  • The average score is 17 of 26
Answer Stats
Position Club Player % Correct
Attack Schalke 04 Edin Dzeko
100%
Attack PSV Esmir Bajraktarevic
100%
Attack RB Salzburg Kerim Alajbegovic
100%
Defender Benfica Amar Dedic
80%
Midfield Brondby Benjamin Tahirovic
80%
Defender Schalke 04 Nikola Katic
80%
Goalkeeper St Pauli Nikola Vasilj
80%
Defender Sassuolo Tarik Muharemovic
80%
Midfield Viktoria Plzen Amar Memic
60%
Midfield Hull City Amir Hadziahmetovic
60%
Midfield Young Boys Armin Gigovic
60%
Defender Sampdoria Dennis Hadzikadunic
60%
Midfield Karlsruher Dzenis Burnic
60%
Attack VFB Stuttgart Ermedin Demirovic
60%
Attack Borussia Monchengladbach Haris Tabakovic
60%
Midfield Astana Ivan Basic
60%
Midfield Pafos Ivan Sunjic
60%
Goalkeeper Rijeka Martin Zlomislic
60%
Defender Lens Nidal Celik
60%
Defender Gaziantep Nihad Mujakic
60%
Attack Jagiellonia Samed Bazdar
60%
Defender Atalanta Sead Kolasinac
60%
Midfield Slovan Liberec Ermin Mahmic
40%
Attack Universitatea Cluj Jovo Lukic
40%
Goalkeeper Slaven Belupo Osman Hadzikic
40%
Defender Rijeka Stjepan Radeljic
40%
No matching quizzes found
Score Distribution
Percent of People with Each Score
Percentile by Number Answered
Your Score History
You have not taken this quiz